000 00758nam a2200253Ia 4500
003 OSt
005 20220924115418.0
006 a|||||r|||| 00| 0
007 ta
008 220923b |||||||| |||| 00| 0 hin d
024 _a41925
037 _cTextual
040 _aARTS
_cARTS
_bhin
041 _2hin
_ahin
082 _aO15,1D98,1, 152L0
100 _aDhananjaya
245 0 _aDivsandhana mahakavya
260 _aDelhi
_bBharatiya Gyanpeth Prakasan India
_c1970
300 _a409p.
_ccm.
490 _aGiyanpeth murti devi Jaina granthamala : sanskrit granthank ed by Hiralal jain and A N Upadhya; 35
650 _aENGLISH LITERATURE
942 _hO15,1D98,1, 152L0
_cTEXL
_2CC
999 _c398246
_d398246